Genshin Impact Trivia - Sumeru Archon Quest - Statistics

General Stats
  • This quiz has been taken 28 times
  • The average score is 11 of 15
Answer Stats
Hint Answer % Correct
Who is the first playable character you meet in Sumeru? Tighnari
100%
What new characters was introduced to the standard banner by the end of Version 3? Tighnari/Dehya
100%
What rank harbinger was the above answer? 2
92%
What playable character other than the harbinger above did the they experiment on? Collei
92%
What Fatui Harbinger was trying to turn another harbinger into a God? Give either their real name or codename Dottore/The Doctor
92%
Whose was the harbinger the above was trying to make a God? Give either their name or codename Scaramouche/The Balladeer
92%
What element was introduced in this chapter? Dendro
88%
Name a character from Sumeru who didn't make an appearance in the Archon quest? Layla/Faruzan
88%
What is the name of the tree that is the source of the Sumerian Archon's Power? Irminsul
77%
Who was the one selling the smuggled above? Dori
69%
What playable character was threaten with this law? Nilou
58%
What type of art did the Academia try to outlaw? Dancing
42%
What phenomenon caused the above's abyssal corruption? Forbidden Knowledge
42%
What is the above's job? Chief Officer of the Forest Rangers
27%
When investigating a smuggling operation with Alhaitham, what was being smuggled? Canned Knowledge
15%
No matching quizzes found
Score Distribution
Percent of People with Each Score
Percentile by Number Answered
Your Score History
You have not taken this quiz